Responses for Show #4096 - Monday, May 27, 2002

(Sofia: Pick up some defensive driving tips, today on Jeopardy!)

Contestants

[<< previous game]

Peter Sprigg, a cultural analyst from Gaithersburg, Maryland

Wendy Gluckman, a small business consultant from Bogart, Georgia

Daniel Mendelsohn, a lawyer from Santa Monica, California (whose 1-day cash winnings total $24,400)

[next game >>]

Jeopardy! Round responses

THEY'RE INDIGENOUS
KILLER MUSICALS
INSURANCE
5 DWARFS
COOL!
THAT'S LIKE, SO TOTALLY "RAD"
    $200 11
Aborigines

Wendy
    $200 1
Titanic

Peter
    $200 18
Premium

Wendy
    $200 12
bonsai

Peter
    $200 26
cold turkey

Daniel
    $200 2
Colorado

Wendy
    $400 13
Eskimos/Inuits

Wendy
    $400 3
Paul Simon

Daniel
    $400 19
Risk

Peter
    $400 17
antelope

Peter
    $400 27
"Cold War"

Daniel
    $400 7
radish

Peter
    $600 14
headhunting

Wendy
    $600 4
Henry VIII

Daniel
    $600 20
maturity

Wendy
    $600 23
rabbits

Daniel
    $600 28
Chilly Willy

Daniel
    $600 8
Nostradamus

Wendy
    $800 15
Arizona

Peter
    $800 5
Auntie Mame

Daniel
    $3,000 21
riders

Wendy
    $800 24
(Peter: What is a red dwarf?)

white dwarf

DanielPeter
    $800 29
(Wendy: What is Frigidaire?)

Carrier

Wendy
Triple Stumper
    $800 9
radius

Peter
    $1000 16
haole

Wendy
    $1000 6
Agatha Christie

Wendy
    $1000 22
redlining

Wendy
    $1000 25
(Daniel: Who is Little Dorrit?)

Little Nell

DanielWendy
    $1000 30
permafrost

Wendy
    $1000 10
RadioShack

Peter

Scores at the first commercial break (after clue 16):

Daniel Wendy Peter
$1,800 $4,000 $3,400

Scores at the end of the Jeopardy! Round:

Daniel Wendy Peter
$3,400 $10,000 $3,400

Double Jeopardy! Round responses

DUELS
MOTOR SPORTS
COUNTRIES OF THE WORLD
LET'S MAKE A DALE
SHORT STORIES
ACRONYMBLE
    $400 16
Alexander Hamilton

Daniel
    $400 26
tread

Wendy
    $400 6
Canada (the state is Montana)

Daniel
    $400 11
Arkansas

Wendy
    $400 1
"The Pit and the Pendulum"

Daniel
    $400 21
White Anglo-Saxon Protestant

Peter
    $800 17
Declaration of Independence

Daniel
    $800 27
Indianapolis 500

Daniel
    $800 7
Luxembourg

Daniel
    $800 12
Brenda Starr

Peter
    $800 2
(Wendy: What are "The Celebrated Jumping Frogs of Calaveras County?")
(Peter: What is "The Jumping Frog of Calaveras County?")

"The Celebrated Jumping Frog of Calaveras County"

WendyPeter
Triple Stumper
    $800 22
(Daniel: What is the American Association of Retired People?)

American Association of Retired Persons

DanielPeter
    $2,000 18
Andrew Jackson

Daniel
    $1200 28
cigarettes

Wendy
    $1200 8
Germany

Daniel
    $1200 13
Challenger

Peter
    $1200 3
Walter Mitty

Peter
    $1200 23
Occupational Safety and Health Administration

Peter
    $1600 19
Ben Jonson

Daniel
    $1600 29
Alabama

Wendy
    $1600 9
(Peter: What is the Congo?)

Nigeria (for Niger)

WendyPeter
    $1600 14
Dale Carnegie

Peter
    $1600 4
O. Henry (William Sydney Porter)

Triple Stumper
    $1600 24
What You See Is What You Get

Wendy
    $2000 20
Duke of Wellington

Triple Stumper
    $2000 30
Formula 1

Wendy
    $3,000 10
(Wendy: What is Japan?)

Soviet Union

Wendy
    $2000 15
Allan-a-Dale

Wendy
    $2000 5
Somerset Maugham

Triple Stumper
    $2000 25
Grand Unified Theory

Triple Stumper

Scores at the end of the Double Jeopardy! Round:

Daniel Wendy Peter
$11,000 $17,000 $8,200

[wagering suggestions for these scores]

Final Jeopardy! Round responses

TV HISTORY
PeterWhat is Roots?
$3,800
DanielWhat is Roots?
$10,999
WendyWhat is Roots?
$5,001
Roots

Final scores:

Daniel Wendy Peter
$21,999 $22,001 $12,000
2nd place: $2,000 New champion: $22,001 3rd place: $1,000

Game dynamics:

Coryat scores:

Daniel Wendy Peter
$10,200 $17,800 $8,200
17 R
(including 1 DD),
2 W
21 R
(including 1 DD),
3 W
(including 1 DD)
15 R,
3 W

Combined Coryat: $36,200

[game clues] [game scores] [suggest correction]

Game tape date: 2002-02-04
The J! Archive is created by fans, for fans. Scraping, republication, monetization, and malicious use prohibited; this site may use cookies and collect identifying information. See terms. The Jeopardy! game show and all elements thereof, including but not limited to copyright and trademark thereto, are the property of Jeopardy Productions, Inc. and are protected under law. This website is not affiliated with, sponsored by, or operated by Jeopardy Productions, Inc. Join the discussion at JBoard.tv.